Statistics for 1 Question From 99 Previous Quizzes

Click here to take the quiz!

General Stats

  • This quiz has been taken 9 times
  • The average score is 40 of 100

Answer Stats

No.QuizHintAnswer% Correct
78.Acronyms 2F.Y.I.For Your Information
100%
39.Currencies from Country Flag- EuropeWhat currency is used in France?Euro
89%
48.3-Word Film Franchise HintsDeLorean, Einstein, ChickenBack to the Future
78%
23.Odd One Out: Animals and InsectsWhich is not a type of Tiger?
Canvasback, Amur, Malayan or Sumatran
Canvasback
78%
12.Anagram- Bands from the 1960smrecaCream
78%
80.Match the Celeb to their Alter-EgoWhich singer went by the alter-ego Ziggy Stardust?David Bowie
78%
26.Odd One Out: Fruit and Vegetable VarietiesWhich is not a variety of grapes?
Muscat, Delta, Grenache or Cabernet Franc
Delta
78%
28.Odd One Out: Musical Group MembersWho was not a member of The Beatles?
Ringo Starr, Eli Faulkner, George Harrison or John Lennon
Eli Faulkner
78%
47.
3-Word Disney Film Hints
Sisters, Ice, JourneyFrozen
78%
21.
Odd One Out: Academy Award Winners
Who has not won Best Actress?
Brie Larson, Kate Winslet, Emma Stone or Judi Dench
Judi Dench
78%
46.
3-Word Country Hints
Island, Lemur, DreamworksMadagascar
78%
65.Name The Celebrity- Mega Picture Edition 5Creator of FacebookMark Zuckerberg
78%
24.Odd One Out: Celebrity SiblingsWho is not a Hadid sibling?
Mia, Gigi, Anwar or Bella
Mia
78%
59.Name The Celebrity from the ScandalHeld his baby over a balconyMichael Jackson
78%
45.3-Word City HintsJazz, Creole, LouisianaNew Orleans
78%
61.
Name The Celebrity- Mega Picture Edition
Who is married to David Beckham?Victoria Beckham
78%
79.Acronyms 3W.W.J.D.What Would Jesus Do
78%
41.
3-Word App Hints
Birds, Pigs, FlyingAngry Birds
67%
85.Match the Celeb to the Team They SupportBill Murray supports the _______ Cubs/BearsChicago
67%
60.
Name The Celebrity From Their Spouses
Ashton Kutcher
Bruce Willis
Demi Moore
67%
56.Name The Celebrity from Their DegreeDegree: Bachelor of General Studies in Criminology and Physiology
Location: University of Miami
Born: 1972
Known for: Wrestler/Actor
Dwayne Johnson
67%
81.Match the Celeb to their Birth PlaceKeanu Reeves was born in Beirut- what country is that in?Lebanon
67%
37.Currencies from Country Flag- The AmericasWhat currency is used in Argentina?Peso
67%
43.
3-Word Brand Hints
Bunny, Hefner, MagazinePlayboy
67%
87.Match the Celeb to their Unique Middle NameWhich of these is the middle name of Ryan Reynolds?
Hercules, Princess, Rodney or Garry
Rodney
67%
72.
Crazy Ex-Girlfriend Songs to Season
Which season featured the song I Have Friends?1
56%
18.Anagram- Solo Artists from the 60s/70sdyaolbbnBob Dylan
56%
63.Name The Celebrity- Mega Picture Edition 3Who was the first born son of Queen Elizabeth II?Charles
56%
42.3-Word Board Game HintsHint, Library, PeacockClue
56%
30.
Odd One Out: Sit-Com Squads
Who is not a member of the squad from Frasier?
Roz Doyle, Niles Crane, David Jackson or Daphne Moon
David Jackson
56%
38.Currencies from Country Flag- AsiaWhat currency is used in Vietnam?Dong
56%
100.-TV show and book series that is the origin of my usernameGame of Thrones
56%
22.Odd One Out: Actors in FilmsWho did not star in Knives Out?
Jack Nicholson, Christopher Plummer, Chris Evans or Daniel Craig
Jack Nicholson
56%
27.
Odd One Out: Grammy Award Winners
Who has not won for Best New Artist?
Dua Lipa, Khalid, Alicia Keys or Fun.
Khalid
56%
54.Name The Celebrity from their Birth NameNorma Jeane Mortensen
1926 - 1962
Marilyn Monroe
56%
50.3-Word Video Game HintsShells, Race, MushroomMariokart
56%
29.Odd One Out: Random EditionWhich is not an ingredient in a traditional pound cake?
Butter, Milk, Flour, Sugar
Milk
56%
33.Currency Codes- 3New Zealand DollarNZD
56%
2.Grease Musical Film TriviaWhat is the name of the High School?Rydell High
56%
25.Odd One Out: Dancing EditionWhich of these is not a Tap dancing term?
Splice, Wing, Cramp Roll or Shuffle
Splice
56%
86.Match the Celeb to their Unique FeaturesCondition Winnie Harlow is famous for:
Vitiligo, Heterochromia, Lupus or webbed toes?
Vitiligo
56%
34.
Currency Codes- 4
Czech KorunaCZK
44%
44.
3-Word Celebrity Hints
Rihanna, Passionfruit, CanadaDrake
44%
94.Harry Styles Solo Studio Album DiscographyWhat was the name of Harry's debut album?Harry Styles
44%
84.Match the Celeb to their Pre-Fame JobsWho was a gym teacher before he starred on the silver screen in films such as Les Miserables and the Prestige?Hugh Jackman
44%
82.Match the Celeb to their Debut AlbumWhose debut album was titled The Fame?Lady GaGa
44%
64.Name The Celebrity- Mega Picture Edition 4Who portrayed the role of Magneto in X-Men First Class and X-Men Apocalypse?Michael Fassbender
44%
66.Marvel Characters by Picture- 60 SecondsWhich character is played by Gwyneth Paltrow?Pepper Potts
44%
13.Anagram- Bands from the 1970skfiynlopdPink Floyd
44%
77.AcronymsS.M.H.Shaking My Head
44%
58.Name The Celebrity- Mononymous EditionGordon Matthew Thomas SumnerSting
44%
88.Match the Celeb to their Unique PetsWhich unique pet is Mike Tyson famous for having?Tiger
44%
8.SuperWhoLockIn Doctor Who, who painted the sunflowers for Amy Pond?Vincent Van Gogh
44%
76.
How well do you know ME?
What is my favourite colour?Yellow
44%
35.Currency DenominationsWhat is the highest denomination of Euro notes?500
33%
17.Anagram- Bands from the 2010sbtillaseBastille
33%
55.Name The Celebrity from their Birth Name (Musicians)Name: Katheryn Elizabeth Hudson
Born: 1984
Katy Perry
33%
74.One Direction Trivia - Multiple ChoiceWho is the oldest member of One Direction?Louis Tomlinson
33%
83.Match the Celeb to their Hidden TalentWhich former Bond star can performing fire eating tricks?Pierce Brosnan
33%
62.Name The Celebrity- Mega Picture Edition 2Who portrayed the female love interest, Allie, in The Notebook?Rachel McAdams
33%
98.Spice Girls Studio Album DiscographyWhat was the name of the Spice Girls' debut album?Spice
33%
1.
Perth, WA Trivia
What river runs through the capital city?Swan
33%
49.3-Word Netflix Original Series HintsGeralt, Nilfgaard, FantasyThe Witcher
33%
7.Rocky Horror Picture Show Film TriviaWhat were Brad and Janet attending before getting stranded?Wedding
33%
90.
Arctic Monkeys Studio Album Discography
What is the name of Arctic Monkeys 5th Album?AM
22%
31.Currency CodesUnited Kingdom PoundGBP
22%
16.Anagram- Bands from the 2000szigallorGorillaz
22%
40.Currencies from Country Flag- OceaniaWhat currency is used in Papua New Guinea?Kina
22%
19.
Anagram- Solo Artists from the 80s/90s
nadnamoMadonna
22%
73.Multiple Choice: 2021 Oscar WinnersWhich won the award for Best Picture?Nomadland
22%
89.Match the Celeb to their ZodiacWhich zodiac sign does Britney Spears have?Sagittarius
22%
36.Currencies from Country Flag- AfricaWhat currency is used in Kenya?Shilling
22%
4.The Loft Film TriviaWhat year was the film released?2015
11%
52.Name The Actor from their Final RoleFilm: Alice Through the Looking Glass
Role: Absolem, the Caterpillar (voice)
Released: 2016 (Posthumously)
Alan Rickman
11%
96.The Last Shadow Puppets Studio Album DiscographyMiles Kane is one member, who is the other member?Alex Turner
11%
20.
Anagram- Solo Artists from the 00s/10s
ibracdCardi B
11%
68.Crazy Ex-Girlfriend Lyric to SongWhich song features the lyric: 'I left my keys and phone at the club'?
Angry Mad, Put Yourself First, Duh! or The End of the Movie
Duh!
11%
15.Anagram- Bands from the 1990sneyedgraGreen Day
11%
53.
Name The Celebrity - Odd Baby Names
Who is the father of Petal Blossom Rainbow?Jamie Oliver
11%
71.Crazy Ex-Girlfriend Solo Songs to CharacterWhich character performed the original song Thought Bubbles?Josh
11%
32.
Currency Codes- 2
South Korean WonKRW
11%
97.One Direction Studio Album DiscographyWhat was the only album produced without the vocals of Zayn?Made in the A.M.
11%
70.Crazy Ex-Girlfriend Quote to Character'Don't underestimate the joy of a midnight bagel.'Rebecca
11%
9.What We Do In The Shadows (FILM)What is the nickname given to the guest of honour at the Unholy Masquerade?The Beast
11%
14.
Anagram- Bands from the 1980s
stihhesmtThe Smiths
11%
57.Name The Celebrity from their Famous RelativeWho is Maya Hawke's mother?Uma Thurman
11%
3.
Little Shop of Horrors Musical Film Trivia
Name given to flesh eating plantAudrey II
0%
10.Whip It Movie QuizWhat stage name does Bliss take?Babe Ruthless
0%
51.Name The Actor from their First RoleFilm: Francis In The Navy
Role: Jonesy
Released: 1955
Clint Eastwood
0%
93.Glass Animals Studio Album DiscographyWhat is the name of Glass Animals 3rd Album?Dreamland
0%
99.The Wombats Studio Album DiscographyWhat is the name of The Wombats 3rd Album?Glitterbug
0%
69.Crazy Ex-Girlfriend Plot to CharacterWhich character wins the title of 'Miss Douche'?Heather
0%
75.Are these Celebrities Twins?What is the first name of Scarlett Johansson's twin?Hunter
0%
91.Cage the Elephant Studio Album DiscographyWhat was the name of Cage the Elephant's 3rd album?Melophobia
0%
67.Crazy Ex-Girlfriend Actor to CharacterWho was portrayed by Donna Lynne Champlin?Paula Proctor
0%
6.RuPaul's Drag Race Top 4Who was the winner of season 9 of RuPaul's drag race?Sasha Velour
0%
11.
Anagram- Bands from the 1950s
tehdllseThe Dells
0%
92.
Foster the People Studio Album Discography
What was the name of Foster the People's debut studio album?Torches
0%
5.Moulin Rouge (Film)Fill in the Blank: Freedom, Beauty, _____ and LoveTruth
0%
95.
Kimbra Solo Studio Album Discography
What was the name of Kimbra's debut studio album?Vows
0%

Score Distribution

Percentile by Number Answered

Percent of People with Each Score

Your Score History

You have not taken this quiz